000 01016nam a22002537a 4500
005 20170123164158.0
010 _aB-124268
020 _c150.00
_a8171680186
035 _aB-124268
037 _bCen Lib/Ret
040 _aDPL
_bPN
082 _a920
_2ਸੂਰੀਅ
100 _aਸੂਰੀ, ਅਤ੍ਤਾਰ੍ਜਿਤ ਕੌਰ
_9131991
245 _aਤੀਸਰਾ ਤੀਰਥ
_cਧਰਮਪਾਲ ਸਿੰਗਲ
246 _aTeesra teerath : pen sketches of some eminent persons /
_bby Attarjit Kaur Suri
260 _aਅੰਮ੍ਰਿਤਸਰ
_bਲੇਕ ਸਾਹਿਤ ਪ੍ਰਕਾਸ਼ਨ
_c2005
270 _a186, ਗੀ੍ਲ ਔਵੀਨਿਊ
_bਅੰਮ੍ਰਿਤਸਰ
_e143001
300 _a114p
_c21cm
650 _aBiography -- 20th century.
_995396
650 _aਜੀਵਨੀ - 20 ਸਦੀ.
_9131992
650 _aIndian Culture
_93853
650 _aਭਾਰਤੀ ਸਭਿਆਚਾਰ
_9131993
942 _2ddc
_cPN
_h920
_mਸੂਰੀਅ
999 _c110862
_d110862